000 00768cab a22002295a 4500
001 L159873
008 150113e2017 xxk 000 0 eng d
035 _a(Sirsi) u159873
041 0 _aeng
050 _a333.3307 $2 18
100 1 _aCraig, Ewan
245 0 0 _aOn the money
_h[electronic resource]
260 _aLondon
_bRICS
_c2017
490 _aRICS Building Surveying Journal
_vMay - June 2017, 23(1)
520 _aDetails the optional competency of Project financial control and reporting.
650 2 4 _aPROJECT FINANCING
650 2 4 _aCOMPETENCIES
651 4 _aUnited Kingdom
_y
690 _aAPC
_96216
856 4 0 _uhttps://issuu.com/ricsmodus/docs/building_surveying_journal_may_june_e51321e7dff376
_yAvailable free online via Issuu
942 _n0
_2ddc
999 _c85033
_d85033